Inflation in the Transformation Phase of the Chinese Economic System Its Occurrence, Causes and Effects

Guardado en:
Detalles Bibliográficos
Autor principal: Ruilong, Yang
Otros Autores: Tisdell, Clem
Formato: Libro
Lenguaje:inglés
Publicado: Queensland University 1991
Edición:1. ed.
Colección:Discussion Paper in Economics No.61
Etiquetas: Agregar Etiqueta
Sin Etiquetas, Sea el primero en etiquetar este registro!

MARC

LEADER 00000nam a2200000 4500
001 c031959
005 20221214093811.2
041 0 |a eng 
044 |a AU 
245 1 0 |a Inflation in the Transformation Phase of the Chinese Economic System  |b Its Occurrence, Causes and Effects  |c Yang Ruilong, Clem Tisdell 
250 |a 1. ed. 
264 1 |a Queensland  |b University  |c 1991 
300 |a 29 s. 
490 1 |a Discussion Paper in Economics  |v No.61 
830 0 |a Discussion Paper in Economics  |v No.61 
100 1 |a Ruilong, Yang 
700 1 |a Tisdell, Clem